Two years of Nationalist China / (Record no. 134790)

MARC details
000 -LEADER
campo de control de longitud fija 00564nam a2200169 i 4500
001 - NÚMERO DE CONTROL
campo de control 134790
003 - IDENTIFICADOR DE NÚMERO DE CONTROL
campo de control ES-MaACL
005 - FECHA Y HORA DE LA ÚLTIMA TRANSACCIÓN
campo de control 20230906194738.0
007 - CAMPO FIJO DE DESCRIPCIÓN FÍSICA--INFORMACIÓN GENERAL
campo de control de longitud fija t|
008 - DATOS DE LONGITUD FIJA--INFORMACIÓN GENERAL
campo de control de longitud fija 070913s1930 cc abd |||| | eng d
245 00 - MENCIÓN DEL TÍTULO
Título Two years of Nationalist China /
Mención de responsabilidad, etc. edited by Min-Ch'ien T. Z. Tyan.
260 ## - PUBLICACIÓN, DISTRIBUCIÓN, ETC.
Lugar de publicación, distribución, etc. Shanghai :
Nombre del editor, distribuidor, etc. Kelly and Walsh,
Fecha de publicación, distribución, etc. 1930.
300 ## - DESCRIPCIÓN FÍSICA
Extensión 523 p., 33 h. de lám. :
Otras características físicas il., gráf. pleg., 1 mapa pleg. ;
Dimensiones 23 cm.
651 #4 - PUNTO DE ACCESO ADICIONAL DE MATERIA--NOMBRE GEOGRÁFICO
Nombre geográfico China-
Subdivisión general Historia-
Subdivisión cronológica 1912-1949, República.
9 (RLIN) 159986
700 1# - ENTRADA AGREGADA--NOMBRE PERSONAL
Nombre de persona Tyan, Min-Ch'ien T. Z.
9 (RLIN) 170504
852 ## - LOCALIZACIÓN
Ubicación ES-MaACL
Número de control de estantería A-3409
Holdings
Estatus retirado Estado de pérdida Estado de daño No para préstamo Biblioteca de origen Biblioteca actual Ubicación en estantería Fecha de adquisición Fuente de adquisición Total de préstamos Signatura topográfica completa Código de barras Visto por última vez Precio de reemplazo Tipo de ítem Koha
        Biblioteca del Ateneo de Madrid Biblioteca del Ateneo de Madrid Sala Pecera Planta 1 17/01/2008     A-3409 1140299 23/02/2023 23/02/2023 Libro impreso